ARRUPE JESUIT UNIVERSITY

CORONAVIRUS -STOP THE SPREAD - CLEAN,DISINFECT,COVER

East African journey : (Record no. 120246)

MARC details
000 -LEADER
fixed length control field 00926cam a2200289 i 4500
001 - CONTROL NUMBER
control field 822334
003 - CONTROL NUMBER IDENTIFIER
control field ARRUPE
005 - DATE AND TIME OF LATEST TRANSACTION
control field 20140320172920.0
008 - FIXED-LENGTH DATA ELEMENTS--GENERAL INFORMATION
fixed length control field 760916s1976 enkabf 001 0aeng
010 ## - LIBRARY OF CONGRESS CONTROL NUMBER
LC control number 76365935
015 ## - NATIONAL BIBLIOGRAPHY NUMBER
National bibliography number GB***
020 ## - INTERNATIONAL STANDARD BOOK NUMBER
International Standard Book Number 057110536X :
Terms of availability £6.95
040 ## - CATALOGING SOURCE
Original cataloging agency DLC
Transcribing agency DLC
Modifying agency DLC
043 ## - GEOGRAPHIC AREA CODE
Geographic area code f-ke---
-- f-tz---
050 00 - LIBRARY OF CONGRESS CALL NUMBER
Classification number DT433.52
Item number .P47
082 00 - DEWEY DECIMAL CLASSIFICATION NUMBER
Classification number 916.78/2/043
300 ## - PHYSICAL DESCRIPTION
Other physical details ill., map ;
Dimensions 23 cm.
100 1# - MAIN ENTRY--PERSONAL NAME
Personal name Perham, Margery,
Dates associated with a name 1895-1982.
9 (RLIN) 9238
245 10 - TITLE STATEMENT
Title East African journey :
Remainder of title Kenya and Tanganyika, 1929-30 /
Statement of responsibility, etc Margery Perham.
260 ## - PUBLICATION, DISTRIBUTION, ETC. (IMPRINT)
Place of publication, distribution, etc London :
Name of publisher, distributor, etc Faber and Faber,
Date of publication, distribution, etc 1976.
300 ## - PHYSICAL DESCRIPTION
Extent 246 p., [4] leaves of plates :
500 ## - GENERAL NOTE
General note Includes index.
600 10 - SUBJECT ADDED ENTRY--PERSONAL NAME
Personal name Perham, Margery,
Dates associated with a name 1895-1982.
9 (RLIN) 9239
651 #0 - SUBJECT ADDED ENTRY--GEOGRAPHIC NAME
Geographic name Kenya
General subdivision Description and travel.
9 (RLIN) 9240
651 #0 - SUBJECT ADDED ENTRY--GEOGRAPHIC NAME
Geographic name Tanzania
General subdivision Description and travel.
9 (RLIN) 9241
906 ## - LOCAL DATA ELEMENT F, LDF (RLIN)
a 7
b cbc
c orignew
d u
e ncip
f 19
g y-gencatlg
942 ## - ADDED ENTRY ELEMENTS (KOHA)
Source of classification or shelving scheme Library of Congress Classification
Koha item type REFERENCE
Holdings
Withdrawn status Lost status Source of classification or shelving scheme Damaged status Not for loan Collection code Home library Current library Shelving location Date acquired Total Checkouts Full call number Barcode Date last seen Price effective from Koha item type
    Library of Congress Classification     SPECIAL Collection ARRUPE LIBRARY ARRUPE LIBRARY Main Collection 20/03/2014   SPC DT433.52 .P47 46500001911 20/03/2014 20/03/2014 REFERENCE

 

Arrupe Library. PO Box MP320 Mt Pleasant, Harare, Zimbabwe
263 242 745411|librarian@aju.ac.zw